00355nam a2200133Ia 4500003000900000008004100009040003300050041000800083080002300091245002800114260004800142300001400190650001700204LK-CoDNM010623t2002 xxu||||| |||| 00| 1 eng d aLK-CoDNMdLK-CoDNMeLK-CoDNM aeng ax Anaradhapura-AGU aA Guite to Anuradhapura bMinistry of cultural affairsaColomboc2002 b58, 22 cm aAnuradhapura